000 00589nam a2200229Ia 4500
003 OSt
005 20220928104733.0
006 a|||||r|||| 00| 0
007 ta
008 220927b |||||||| |||| 00| 0 hin d
024 _a62814
037 _cTextual
040 _aSDCL
_cSDCL
_bhin
041 _2hin
_ahin
082 _aO152,1N:g, L0
100 _aRajpal Hukum chand
_9406065
245 0 _aAdhunik kavya mai naveen jeevan - mulya.
260 _c1970
300 _a300p.
_ccm.
942 _hO152,1N:g, L0
_cTEXL
_2CC
999 _c727479
_d727479